Critical analysis of Kenyan anti-corruption Laws and their effectiveness in fighting corruption/ (Record no. 4240)

000 -LEADER
fixed length control field 00428nam a22001457a 4500
003 - CONTROL NUMBER IDENTIFIER
control field OSt
005 - DATE AND TIME OF LATEST TRANSACTION
control field 20200303124403.0
008 - FIXED-LENGTH DATA ELEMENTS--GENERAL INFORMATION
fixed length control field 200303b xxu||||| |||| 00| 0 eng d
050 ## - LIBRARY OF CONGRESS CALL NUMBER
Classification number RUSC KF9351.O35 2019
100 ## - MAIN ENTRY--PERSONAL NAME
Personal name Okiro, W. Tony
245 ## - TITLE STATEMENT
Title Critical analysis of Kenyan anti-corruption Laws and their effectiveness in fighting corruption/
Statement of responsibility, etc Tony W. Okiro
260 ## - PUBLICATION, DISTRIBUTION, ETC. (IMPRINT)
Place of publication, distribution, etc Nairobi
Date of publication, distribution, etc 2019
300 ## - PHYSICAL DESCRIPTION
Extent 51 p:
942 ## - ADDED ENTRY ELEMENTS (KOHA)
Source of classification or shelving scheme
Koha item type Research Project
Holdings
Withdrawn status Lost status Source of classification or shelving scheme Damaged status Not for loan Home library Current library Shelving location Date acquired Total Checkouts Full call number Barcode Date last seen Price effective from Koha item type
          Riara University Library Riara University Library Special Collection 03/03/2020   RUSC KF9351.O35 2019 10321/19 03/03/2020 03/03/2020 Research Project

Riara University Library,
P.O. Box 49940-00100,
Nairobi, Kenya.